000 01713nam a2200277 i 4500
001 184814
003 ES-MaACL
005 20250809063541.0
008 160121s2006 sp |||| | spa d
080 _a94(460)"17/19"(048)
100 1 _aVilar, Juan Bautista,
_d1941-2018
_9114797
245 1 0 _aNotas críticas /
_cJ.B. Vilar, J.Mª. Egea Bruno, Mª. J. Vilar.
260 _aMurcia :
_bUniversidad, Departamento de Historia Moderna, Contemporánea y de América, 2006.
300 _aP. [331]-343 ;
_c24 cm.
505 8 _aContiene: ;
_tDel liberalismo doctrinario al liberalismo democrático en la España del siglo XIX : en torno a tres publicaciones recientes /
_rJuan B. Vilar. --
_tSobre nacionalismo, regionalismo y articulación del Estado en la España contemporánea: el caso de Castilla y León /
_rPedro Mª. Egea Bruno. --
_tLa transición y consolidación democráticas en España, a través de sus protagonistas /
_rMaría José Vilar
594 _aRecoge reseñas de diversas obras.
595 _aSeparata de: Anales de historia contemporánea, n. 22, 2006.
650 4 _aEspaña-
_xHistoria-
_vReseñas bibliográficas.
_9226203
700 1 _aEgea Bruno, Pedro María.
_946708
700 1 _aVilar, María José.
_9114799
710 2 _aUniversidad de Murcia.
_bDepartamento de Historia Moderna, Contemporánea y de América.
_97239
740 0 2 _aSobre nacionalismo, regionalismo y articulación del Estado en la España contemporánea: el caso de Castilla y León.
740 3 2 _aLa transición y consolidación democráticas en España, a través de sus protagonistas.
852 _aES-MaACL
_j2139-F-21
_z. - Dedicatoria autógrafa de Juan B. Vilar
999 _c184814
_d184814